Widok standardowy
Widok MARC
Pozycja Personal Name
Liczba rekordów, w których użyto hasła: 1
001 - Numer kontrolny
- control field: 41040
003 - Identyfikator numeru kontrolnego
- control field: NUKAT
005 - Data i czas ostatniej modyfikacji
- control field: 20260430132314.0
008 - Dane kontrolne kodowane (40 znaków)
- fixed length control field: 171026n||a|znnaabn |a aaa |c
010 ## - Numer kontrolny Biblioteki Kongresu
- numer kontrolny LC: n 2017181187
024 7# - OTHER STANDARD IDENTIFIER
- Standard number or code: 308777544
- Source of number or code: viaf
040 ## - Instytucja sporządzająca rekord
- inst. przygot. dane do rek. khw: KIEL 010/ES
- język haseł przedmiotowych/tezaurus: kaba
- inst. wprow. rek. khw: KIEL 010/ES
046 ## - Special dates
- Birth date: 1987
100 1# - Hasło - nazwa osobowa
- nazwa osobowa w formie ujednoliconej: Trepka, Tomasz
- daty biograficzne: (1987- ).
372 ## - Field of activity
- Field: Historia.
- Auth control #: http://nukat.edu.pl/aut/s 94205867
- Source of term: kaba
374 ## - Occupation
- Occupation: Historycy.
- Auth control #: http://nukat.edu.pl/aut/s 94205772
- Source of term: kaba
670 ## - Źródło informacji
- źródło informacji: Przyczynek do zagadnienia zjawisk patologicznych w zakładach przemysłowych : przykład początku lat sześćdziesiątych w świetle materiałów Wydziału Ekonomicznego KW PZPR w Kielcach / Tomasz Trepka // Między Wisłą a Pilicą. - T. 17 (2016), s. [139]-160.
670 ## - Źródło informacji
- źródło informacji: BNPol online